| 000 | 00437nam a22001817a 4500 | ||
|---|---|---|---|
| 003 | CEME | ||
| 005 | 20210628202303.0 | ||
| 008 | 210113b xxu||||| |||| 00| 0 eng d | ||
| 020 | _a9780070593633 | ||
| 040 | _c. | ||
| 082 | _a621.3191 PAI | ||
| 100 |
_aPai, M.A _959154 |
||
| 245 | _aComputer techniques in power system analysis | ||
| 250 | _a2ND | ||
| 260 |
_aINDIA _bMCGRAW HILL _c2013 |
||
| 300 | _aXVI, 245P | ||
| 942 |
_cBK _2ddc |
||
| 999 |
_c569198 _d569198 |
||